| 000 | 00486nam a2200157Ia 4500 | ||
|---|---|---|---|
| 008 | 230714s9999 xx 000 0 und d | ||
| 020 | _a9780000000000 | ||
| 041 | _aeng | ||
| 082 |
_a621.395 _bBAL |
||
| 100 |
_aBalch M. _9174009 |
||
| 245 |
_aComplete Digital Design _bA Comprehensive Guide To Digital Electronics And Computer System Architecture |
||
| 260 | _bTata Mc Graw-Hill | ||
| 365 |
_cRs. _b465.00 |
||
| 700 |
_aBalch M. _9174009 |
||
| 906 |
_dB:IN 86905-Aug-2013 _cETC _b1711.2 |
||
| 999 |
_c208804 _d208804 |
||